000 00545nam a2200169Ia 4500
008 150610s9999 xx 000 0 und d
020 _a9781411401006
050 _aPR2832
_b .A25 2004
100 _aShakespeare, William, 1564-1616
245 4 _aThe taming of the shrew /
_cWilliam Shakespeare .
260 _aNew York :
_bSpark Publishing,
_c2004.
300 _a249pages ;
_c20 cm.
520 _aJuvenile drama.
650 _aMarried people
_xJuvenile drama.
650 _aPadua (Italy)
_xJuvenile drama.
650 _aSex role
_bJuvenile drama.
999 _c287993
_d287993